Central Library OPAC University of Rajshahi

Greek drama for the common reader / (Record no. 21636)

MARC details
000 -LEADER
fixed length control field 00733nam a2200241 a 4500
001 - CONTROL NUMBER
control field 21636
003 - CONTROL NUMBER IDENTIFIER
rucl marc code BD-RjUL
005 - DATE AND TIME OF LATEST TRANSACTION
control field 20260215112608.0
008 - FIXED-LENGTH DATA ELEMENTS--GENERAL INFORMATION
fixed length control field 140305s1967 enk 000 0 eng d
035 ## - SYSTEM CONTROL NUMBER
System control number (BD-RjUL) 21701
040 ## - CATALOGING SOURCE
Original cataloging agency DLC
Transcribing agency DLC
Modifying agency DLC
-- BD-RjUL
Language of cataloging eng
041 1# - LANGUAGE CODE
Language code of text/sound track or separate title eng
Language code of original grc
082 00 - DEWEY DECIMAL CLASSIFICATION NUMBER
Classification number 882.008
Author mark and year LUG 1967
100 1# - MAIN ENTRY--PERSONAL NAME
Personal name Lucas, F. L.
Fuller form of name (Frank Laurence),
Dates associated with a name 1894-1967.
9 (RLIN) 52746
245 10 - TITLE STATEMENT
Title Greek drama for the common reader /
Statement of responsibility, etc. by F. L. Lucas. Reissued with corrections.
260 ## - PUBLICATION, DISTRIBUTION, ETC. (IMPRINT)
Place of publication, distribution, etc. London :
Name of publisher, distributor, etc. Chatto & Windus,
Date of publication, distribution, etc. 1967.
300 ## - PHYSICAL DESCRIPTION
Pagination xxv, 454 p. ;
Size 23 cm.
350 ## - PRICE (NR) (BK AM CF MU VM SE) [OBSOLETE]
Price 36/-
500 ## - GENERAL NOTE
General note Maps on endpapers.
650 #0 - SUBJECT ADDED ENTRY--TOPICAL TERM
Topical term or geographic name as entry element Greek drama
Form subdivision Translations into English.
9 (RLIN) 66804
942 ## - ADDED ENTRY ELEMENTS (KOHA)
Source of classification or shelving scheme Dewey Decimal Classification
Koha item type Books
Holdings
Lost status Source of classification or shelving scheme Damaged status Not for loan Collection code Permanent Location Current Location Shelving location Date acquired Source of acquisition Cost, normal purchase price Total Checkouts Full call number Date last seen Copy number Koha item type
  Dewey Decimal Classification     Non-fiction Central Library, University of Rajshahi Central Library, University of Rajshahi   09/01/1971 Zeittinger 36.00   882.008 LUG 1967 05/03/2014 C-5 Books
  Dewey Decimal Classification     Non-fiction Central Library, University of Rajshahi Central Library, University of Rajshahi General Stacks 09/01/1971 Zeittinger 36.00   882.008 LUG 1967 04/01/2026 C-3 Books
  Dewey Decimal Classification   Not For Loan Non-fiction Central Library, University of Rajshahi Central Library, University of Rajshahi Reading Room 09/01/1971 Zeittinger 36.00   882.008 LUG 1967 11/01/2026 C-1 Books
  Dewey Decimal Classification     Non-fiction Central Library, University of Rajshahi Central Library, University of Rajshahi General Stacks 09/01/1971 Zeittinger 36.00   882.008 LUG 1967 02/02/2026 C-4 Books